| 000 | 00350 a2200133 4500 | ||
|---|---|---|---|
| 020 | _a0131415565 | ||
| 082 | _a621.392 | ||
| 090 |
_c7269 _d7269 |
||
| 100 | _aMichael D. Ciletti | ||
| 245 |
_aStarter's guide to verilog 2001 _cMichael D. Clietti |
||
| 260 |
_aNew Jersey _bPearson _c2004 |
||
| 300 |
_axii. 234p.: _bill.; _c24cm. |
||
| 942 |
_cBK _k621.392 CIL |
||
| 999 |
_c11072 _d11072 |
||